banner-ar

The painted tomb-chapel of Nebamun : (Record no. 60686)

MARC details
000 -الفاتح
حقل البيانات ثابتة الطول 01207cam a22003017a 4500
005 - وقت وتاريخ اخر تعامل مع التسجيلة
رقم الضبط 20240530110423.0
008 - عناصر البيانات ثابتة الطول - معلومات عامة
حقل البيانات ثابتة الطول 080923s2008 enkab b 001 0 eng
020 ## - الرقم الدولى المعيارى للكتب
الرقم الدولى المعيارى للكتاب 9780714119793 (pbk.)
020 ## - الرقم الدولى المعيارى للكتب
الرقم الدولى المعيارى للكتاب 9789774161643
035 ## - رقم ضبط النظام
رقم ضبط النظام (OCoLC)ocn183148177
040 ## - مصدر الفهرسة
وكالة الفهرسة الأصلية EG-CaGPL
وكالة النسخ EG-CaGPL
042 ## -
-- lccopycat
082 04 - رقم تصنيف ديوى العشرى
رقم الطبعة 21
رقم التصنيف 932
رقم المادة CC/P P
100 1# - المدخل الرئيسى - إسم شخصى
الإسم الشخصى Parkinson, R. B.
245 14 - بيان العنوان
العنوان The painted tomb-chapel of Nebamun :
بقية العنوان [masterpieces of ancient Egyptian art in the British Museum] /
بيان المسئوليه,etc Richard Parkinson ; photography by Kevin Lovelock.
260 ## - PUBLICATION, DISTRIBUTION, ETC. (IMPRINT)
تاريخ النشر أو التوزيع 2008.
300 ## - الوصف المادى
التعداد 152 p. :
تفاصيل ماديه اخرى للوعاء ill. (chiefly col.), map ;
أبعاد الوعاء 22 x 28 cm.
500 ## - تبصرة عامة
تبصرة عامة Subtitle from cover.
504 ## - تبصرة ببليوجرافية
تبصرة ببليوجرافية,الخ Includes bibliographical references (p. 145-148) and index.
650 #0 - المدخل الاضافى بالموضوع-مصطلح موضوعى
مصطلح موضوعي Mural painting and decoration, Egyptian.
650 #0 - المدخل الاضافى بالموضوع-مصطلح موضوعى
مصطلح موضوعي Mural painting and decoration, Ancient
التقسيم الفرعي الجغرافي Egypt.
650 #0 - المدخل الاضافى بالموضوع-مصطلح موضوعى
مصطلح موضوعي Tombs
التقسيم الفرعي الجغرافي Egypt
-- Thebes (Extinct city)
650 #0 - المدخل الاضافى بالموضوع-مصطلح موضوعى
مصطلح موضوعي Mural painting and decoration, Egyptian
التقسيم الفرعي العام Conservation and restoration.
650 #0 - المدخل الاضافى بالموضوع-مصطلح موضوعى
مصطلح موضوعي Mural painting and decoration, Ancient
التقسيم الفرعي العام Conservation and restoration.
650 #0 - المدخل الاضافى بالموضوع-مصطلح موضوعى
مصطلح موضوعي Tombs
التقسيم الفرعي العام Conservation and restoration.
942 ## - عناصر المدخل الإضافي( كوها)
مصدر التصنيف او مخطط الترفيف Dewey Decimal Classification
Koha [default] item type كتاب
260 ## - PUBLICATION, DISTRIBUTION, ETC. (IMPRINT)
-- London :
-- British Museum Press,
Holdings
حالة التراجع حالة الفقد مصدر التصنيف او خطة الترفيف حالة تلف ليس للاعارة المكان المؤقت الموقع الحالى تاريخ الاكتساب اجمالي اﻻعارات رقم الطلب الباركود تاريخ اخر مشاهدة تاريخ تفعيل السعر نوع وعاء كوها
    ddc     مكتبة القاهرة الكبرى مكتبة القاهرة الكبرى 03/14/2015   932 CC/P P 159787 03/14/2015 03/14/2015 كتاب

Powered By

EGPV